000 00445nmm a2200157Ia 4500
008 251105s9999||||xx |||||||||||||||||und||
020 _a9788434842151
041 _aspa
100 _aGómez Soto, Jorge
245 0 _aLa última noche de la luna
264 _a[Madrid, España] :
_bGrupo SM,
_c2005
300 _a268 páginas
650 _aTeen & Young Adult Fiction
856 _uhttps://public.digitaliapublishing.com/a/86059
942 _cCF
999 _c82140
_d82140